Porovnanie regiónov na Slovensku z hľadiska nakladania s komunálnym odpadom v rokoch 2011 – 2021 bakalárska práca

Gespeichert in:
Bibliographische Detailangaben
1. Verfasser: Sýkora, Patrik
Körperschaft: Fakulta hospodárskej informatiky EU. Katedra štatistiky
Weitere Verfasser: Bolgáč, Ján, 1959-
Format: Buch
Sprache:Slowakisch
Veröffentlicht: Bratislava 2023
Tags: Tag hinzufügen
Keine Tags, Fügen Sie das erste Tag hinzu!

MARC

LEADER 00000nbm a2200000 4500
001 0294970
005 20240306085320.8
041 0 |a slo 
044 |a SK 
245 1 0 |a Porovnanie regiónov na Slovensku z hľadiska nakladania s komunálnym odpadom v rokoch 2011 – 2021  |b bakalárska práca  |c Patrik Sýkora ; školiteľ: Ján Bolgáč 
264 1 |a Bratislava  |c 2023 
300 |a 49 s. 
100 1 |a Sýkora, Patrik 
700 1 |a Bolgáč, Ján, 1959- 
710 2 |a Fakulta hospodárskej informatiky EU. Katedra štatistiky